000 00362pam a2200157a 44500
008 230515b1987 xxu||||| |||| 00| 0 eng d
020 _aNULL
041 _aENGLISH
082 _a630
100 _aSP-27-1987
245 _aHANDBOOK OF METHOD OF MEASUREMENT OF BUILDING WORKS
250 _a0
260 _aDELHI
_bISI
_c1987
300 _a239
650 _aNULL
999 _c652619
_d652619